[Event "Rheinland Pfalz Seniors op"]
[Site "Altenkirchen"]
[Date "2023.09.13"]
[Round "9"]
[White "Judt, Gerhard"]
[Black "Hansult, Manfred"]
[Result "1/2-1/2"]
[WhiteElo "1521"]
[BlackElo "1786"]
[PlyCount "45"]
[EventDate "2023.09.05"]
[EventType "swiss"]
[EventRounds "9"]
[EventCountry "GER"]
[SourceTitle "EXT 2024"]
[Source "ChessBase"]
[SourceDate "2023.10.10"]
[SourceVersion "1"]
[SourceVersionDate "2023.10.10"]
[SourceQuality "1"]

1. c4 c6 2. Nc3 d5 3. e3 Nf6 4. d4 a6 5. h3 g6 6. Nf3 Bg7 7. b3 0-0 8. c5 Nbd7 9. Bd3 Re8 10. Qc2 e5 11. dxe5 Nxe5 12. Nxe5 Rxe5 13. Ne2 Re8 14. Bb2 Qe7 15. Bd4 Ne4 16. Bxe4 Qxe4 17. Qxe4 Rxe4 18. 0-0-0 Bxd4 19. Rxd4 Rxd4 20. Nxd4 Bd7 21. Kd2 Kg7 22. f4 h5 23. Rg1 1/2-1/2

[Event "Rheinland Pfalz Seniors op"]
[Site "Altenkirchen"]
[Date "2023.09.06"]
[Round "2"]
[White "Judt, Gerhard"]
[Black "Kaster, Juergen"]
[Result "0-1"]
[WhiteElo "1521"]
[BlackElo "2049"]
[PlyCount "54"]
[EventDate "2023.09.05"]
[EventType "swiss"]
[EventRounds "9"]
[EventCountry "GER"]
[SourceTitle "EXT 2024"]
[Source "ChessBase"]
[SourceDate "2023.10.10"]
[SourceVersion "1"]
[SourceVersionDate "2023.10.10"]
[SourceQuality "1"]

1. d4 d6 2. e4 e5 3. dxe5 dxe5 4. Qxd8+ Kxd8 5. Bc4 f6 6. Be3 Nd7 7. a3 Bc5 8. Bd2 c6 9. b4 Bd6 10. Be6 Nf8 11. Bxc8 Kxc8 12. Be3 Ne6 13. c3 a5 14. bxa5 Rxa5 15. Ne2 Ne7 16. 0-0 Kc7 17. Bd2 Rha8 18. c4 Ra4 19. Rc1 Nc8 20. Ra2 Bxa3 21. Nxa3 Rxa3 22. Rac2 Ra2 23. g3 Nd6 24. f3 Nxc4 25. Rxa2 Rxa2 26. Rxc4 Rxd2 27. Kf1 Nd4 0-1

[Event "Altenkirchen Seniors op 19th"]
[Site "Altenkirchen"]
[Date "2022.07.25"]
[Round "7"]
[White "Judt, Gerhard"]
[Black "Platten, Herbert"]
[Result "0-1"]
[WhiteElo "1312"]
[BlackElo "1735"]
[PlyCount "110"]
[EventDate "2022.07.19"]
[EventType "swiss"]
[EventRounds "9"]
[EventCountry "GER"]
[SourceTitle "CBM 209 Extra"]
[Source "ChessBase"]
[SourceDate "2022.09.30"]
[SourceVersion "1"]
[SourceVersionDate "2022.09.30"]
[SourceQuality "1"]

1. c4 Nf6 2. Nc3 c5 3. g3 Nc6 4. Bg2 e6 5. e4 Be7 6. a3 0-0 7. Nf3 e5 8. d3 a6 9. 0-0 d6 10. Re1 Bg4 11. Be3 Rb8 12. Qd2 Bxf3 13. Bxf3 b5 14. b3 Na5 15. Bd1 Nc6 16. Nd5 Nxd5 17. exd5 Nd4 18. Bxd4 exd4 19. Bf3 Bg5 20. Qd1 Qa5 21. Re2 bxc4 22. bxc4 Qc3 23. Rc2 Qb3 24. Rca2 Qc3 25. Rc2 Qa5 26. Re2 Rb7 27. Qe1 Qc3 28. Qxc3 dxc3 29. Rc2 Bd2 30. Kf1 Rb2 31. Rxb2 cxb2 32. Rb1 Bc3 33. a4 Re8 34. Be2 h5 35. Rd1 g5 36. d4 Bxd4 37. Bd3 Rb8 38. Bb1 Rb4 39. Ke2 Rxc4 40. Rf1 Rxa4 41. Kd3 f5 42. h4 Ra3+ 43. Ke2 Ra1 44. Bxf5 gxh4 45. gxh4 Rc1 46. Rd1 a5 47. Bb1 Kg7 48. f4 c4 49. Ba2 Bc5 50. Rf1 a4 51. Rf3 b1Q 52. Bxb1 Rxb1 53. Rg3+ Kh6 54. f5 Rg1 55. Rf3 Rg2+ 0-1

[Event "Altenkirchen Seniors op 19th"]
[Site "Altenkirchen"]
[Date "2022.07.23"]
[Round "5"]
[White "Judt, Gerhard"]
[Black "Schulze Forsthoevel, Manfred"]
[Result "0-1"]
[WhiteElo "1312"]
[BlackElo "1599"]
[PlyCount "104"]
[EventDate "2022.07.19"]
[EventType "swiss"]
[EventRounds "9"]
[EventCountry "GER"]
[SourceTitle "CBM 209 Extra"]
[Source "ChessBase"]
[SourceDate "2022.09.30"]
[SourceVersion "1"]
[SourceVersionDate "2022.09.30"]
[SourceQuality "1"]

1. c4 f5 2. d4 Nf6 3. Nc3 g6 4. e3 Bg7 5. Nf3 0-0 6. Bd3 d6 7. Qc2 Qe8 8. Bd2 e5 9. dxe5 dxe5 10. e4 f4 11. h3 Nc6 12. Nb5 Qe7 13. a3 a6 14. Nc3 Nd4 15. Nxd4 exd4 16. Ne2 Nh5 17. Bb4 c5 18. Ba5 f3 19. gxf3 Rxf3 20. Ng1 Rf6 21. Bd2 Nf4 22. Bxf4 Rxf4 23. 0-0-0 Bd7 24. f3 Raf8 25. Kb1 Qe8 26. b3 Be5 27. Rd2 Rh4 28. Rg2 Qc8 29. Qe2 Qd8 30. Qd1 Rh5 31. Be2 Rg5 32. Qf1 Rxg2 33. Qxg2 Qf6 34. Bd3 Qf4 35. Qf2 b5 36. Kc2 bxc4 37. Bxc4+ Kg7 38. a4 a5 39. Qe1 Bc7 40. h4 h6 41. Bd3 Be6 42. Bb5 Qf7 43. Qb1 Bg3 44. Be2 Rb8 45. Bb5 Bf2 46. Qf1 Bxg1 47. Rxg1 Bxb3+ 48. Kd2 Qf4+ 49. Ke1 Qe3+ 50. Be2 Bc4 51. Rxg6+ Kxg6 52. h5+ Kf7 0-1